Flexible transfer converters enabling autonomous control and power dispatch of microgrids / (Record no. 20177)
[ view plain ]
| 000 -LEADER | |
|---|---|
| fixed length control field | 01042nam a22002537a 4500 |
| 003 - CONTROL NUMBER IDENTIFIER | |
| control field | OSt |
| 005 - DATE AND TIME OF LATEST TRANSACTION | |
| control field | 20250904151241.0 |
| 008 - FIXED-LENGTH DATA ELEMENTS--GENERAL INFORMATION | |
| fixed length control field | 240426b ||||| |||| 00| 0 eng d |
| 040 ## - CATALOGING SOURCE | |
| Transcribing agency | 0 |
| 082 ## - DEWEY DECIMAL CLASSIFICATION NUMBER | |
| Classification number | DPer 621.317 Ie21 November 2022 v. 37 n. 11 |
| 100 ## - MAIN ENTRY--PERSONAL NAME | |
| Personal name | An, Ronghui. |
| Relator term | author. |
| 9 (RLIN) | 56765 |
| 245 ## - TITLE STATEMENT | |
| Title | Flexible transfer converters enabling autonomous control and power dispatch of microgrids / |
| Statement of responsibility, etc. | Ronghui An, Jinjun Liu, Zeng Liu, and Zhaoqi Song. |
| 260 ## - PUBLICATION, DISTRIBUTION, ETC. (IMPRINT) | |
| Place of publication, distribution, etc. | New York ; |
| Name of publisher, distributor, etc. | The Institute of Electrical and Electronics Engineers, Inc. , |
| Date of publication, distribution, etc. | November 2022. |
| 300 ## - PHYSICAL DESCRIPTION | |
| Extent | Volume 37, pages 13767-13781 : |
| Other physical details | illustration ; |
| Dimensions | 28 cm. |
| 500 ## - GENERAL NOTE | |
| General note | IEEE Transactions on Power Electronics, vol. 37, no. 11, pages 13767-13781, November 2022. |
| 650 #0 - SUBJECT ADDED ENTRY--TOPICAL TERM | |
| Topical term or geographic name as entry element | Autonomous control. |
| 9 (RLIN) | 67235 |
| 650 #0 - SUBJECT ADDED ENTRY--TOPICAL TERM | |
| Topical term or geographic name as entry element | Voltage control. |
| 9 (RLIN) | 65950 |
| 650 #0 - SUBJECT ADDED ENTRY--TOPICAL TERM | |
| Topical term or geographic name as entry element | Switches. |
| 9 (RLIN) | 65863 |
| 700 ## - ADDED ENTRY--PERSONAL NAME | |
| Personal name | An, Ronghui. |
| Relator term | author. |
| 9 (RLIN) | 56765 |
| 700 ## - ADDED ENTRY--PERSONAL NAME | |
| Personal name | Liu, Jinjun. |
| Relator term | author. |
| 9 (RLIN) | 56766 |
| 700 ## - ADDED ENTRY--PERSONAL NAME | |
| Personal name | Liu, Zeng. |
| Relator term | author. |
| 9 (RLIN) | 56767 |
| 700 ## - ADDED ENTRY--PERSONAL NAME | |
| Personal name | Song, Zhaoqi. |
| Relator term | author. |
| 9 (RLIN) | 56768 |
| 942 ## - ADDED ENTRY ELEMENTS (KOHA) | |
| Source of classification or shelving scheme | Dewey Decimal Classification |
| Koha item type | Periodicals |
| Withdrawn status | Lost status | Source of classification or shelving scheme | Damaged status | Not for loan | Collection code | Home library | Current library | Date acquired | Total Checkouts | Full call number | Date last seen | Price effective from | Koha item type | Public note |
|---|---|---|---|---|---|---|---|---|---|---|---|---|---|---|
| Dewey Decimal Classification | Periodicals | UM Digos College - LIC | UM Digos College - LIC | 04/26/2024 | DPer 621.317 Ie21 November 2022 v. 37 n. 11 | 04/26/2024 | 04/26/2024 | Periodicals | Periodical Article |
